Volcanoes (Record no. 157822)
[ view plain ]
| 000 -LEADER | |
|---|---|
| fixed length control field | 01404nam a2200361Ia 4500 |
| 082 04 - DEWEY DECIMAL CLASSIFICATION NUMBER | |
| Classification number | 551.2/1 |
| 100 1# - MAIN ENTRY--AUTHOR NAME | |
| Personal name | Scarth, Alwyn. |
| 245 10 - TITLE STATEMENT | |
| Title | Volcanoes |
| 250 ## - EDITION STATEMENT | |
| Edition statement | 1st U.S. ed. |
| 260 ## - PUBLICATION, DISTRIBUTION, ETC. (IMPRINT) | |
| Place of publication | College Station : |
| Name of publisher | Texas A&M University Press, |
| Year of publication | 1994. |
| 300 ## - PHYSICAL DESCRIPTION | |
| Number of Pages | xiii, 273 p. : |
| Other physical details | ill., maps. |
| 490 1# - SERIES STATEMENT | |
| Series statement | The Louise Lindsey Merrick natural environment series ; |
| 650 #0 - SUBJECT ADDED ENTRY--TOPICAL TERM | |
| Topical Term | Volcanoes. |
| Topical Term | Landforms. |
| 856 40 - ELECTRONIC LOCATION AND ACCESS | |
| Uniform Resource Identifier | http://site.ebrary.com/lib/rucke/Doc?id=10062951 |
No items available.
